Normal view
MARC view
Entry Personal Name
001 - CONTROL NUMBER
- control field: 52771
003 - CONTROL NUMBER IDENTIFIER
- control field: ARRUPE
005 - DATE AND TIME OF LATEST TRANSACTION
- control field: 20240510092918.0
008 - FIXED-LENGTH DATA ELEMENTS
- fixed length control field: 240510|| aca||aabn | a|a d
040 ## - CATALOGING SOURCE
- Original cataloging agency: ARRUPE
- Transcribing agency: ARRUPE
100 ## - HEADING--PERSONAL NAME
- Personal name: Teachout, Kirk
670 ## - SOURCE DATA FOUND
- Source citation: Work cat.: (ARRUPE)131909: Teachout, Kirk, Mastering mental health 2-in-1, 2023